000 00695nam a2200217Ia 4500
003 GCL
008 140319s9999 xx 000 0 ara d
040 _aGCL /
_cGCL
082 0 4 _a891.7
_bا س
100 1 _aايتماتوف، جنكيز
245 1 0 _aالسفينة البيضاء : رواية /
_cايتماتوف، جنكيز
700 1 _aعبدالله جبة
700 1 _aسعيد حوارنية
300 _a156 ص
490 _aسلسلة الادب العالمى
_v0
650 0 4 _aالادب الروسى
650 0 4 _aالقصص الروسية
650 0 4 _aالادب الروسى المترجم
650 0 4 _aالادب العالمى المترجم
942 _2ddc
_cBK
999 _c40157
_d40157